01145nam a2200277 a 450000100060000000300080000600500170001400800410003102000220007203500200009404000270011404100080014108200250014924502080017426000490038230000320043150400280046365000250049165000680051670000320058470000290061671000560064594200120070199900170071395201370073066801BD-RjUL20211209081559.0170320s1997 io 100 0 eng d a9798764064 (pbk.) a(BD-RjUL) 66932 aEQFcEQFdBD-RjULbeng aeng 223a634.99bCUR 199700aCurrent issues in non-timber forest products research :bproceedings of the workshop "Research on NTFP", Hot Springs, Zimbabwe, 28 August - 2 September 1995 /ceditors: M. Ruiz Pérez and J.E.M. Arnold. a Indonesia :bCifor,cc1996 [Reprinted 1997] ax, 264 p. :bill. ;c24 cm. aIncludes bibliographies 0aAgroforestry9197766 0aForests and forestryzDeveloping countriesvCongresses.91977671 aRuiz Perez, Manuel.91977681 aArnold, J. E. M.91977692 aCenter for International Forestry Research.9197770 2ddccBK c66801d66801 00102ddc40718NFICaRUCLbRUCLcReadingd2013-02-19eR.U.C.L.g0.00l0o634.99 CUR 1997r2017-03-20 00:00:00tC-1w2021-12-09yBK